000 00448nam a2200169Ia 4500
008 100122s9999 xx 000 0 und d
082 _b35673
_a294.5924
100 _aAUROBINDO
245 _aESSAYS ON THE GITA PIRST SERIES
250 _a0
260 _bARYA PUBLICATION HOUSE
_c1905
300 _a379
630 _aESSAYS ON THE GITA PIRST SERIES
700 _aAUTHOR TO ENTER
730 _aESSAYS ON THE GITA PIRST SERIES
942 _cBOOK
999 _c371341
_d371338